Welcome to the Holygrace Academy Library

Please use search bar below to get started

MIGHTY MACHINES (Record no. 3095)

MARC details
000 -LEADER
fixed length control field 00276nam a22001337a 4500
020 ## - INTERNATIONAL STANDARD BOOK NUMBER
ISBN 1-40541-537-1
082 ## - DEWEY DECIMAL CLASSIFICATION NUMBER
Classification number 030
Item number HIB/M
100 ## - MAIN ENTRY--AUTHOR NAME
Personal name HIBBERT,ADAM
245 ## - TITLE STATEMENT
Title MIGHTY MACHINES
260 ## - PUBLICATION, DISTRIBUTION, ETC. (IMPRINT)
Place of publication UK
Name of publisher PARAGON
300 ## - PHYSICAL DESCRIPTION
Number of Pages 256
650 ## - SUBJECT ADDED ENTRY--TOPICAL TERM
Topical Term GENERAL KNOWLEDGE
Geographic subdivision UK
942 ## - ADDED ENTRY ELEMENTS (KOHA)
Koha item type Books
Holdings
Withdrawn status Lost status Collection code Home library Current library Shelving location Date acquired Source of acquisition Full call number Accession Number Koha item type
    Reference Main Library Main Library SHELF 2-H -WORLD OF FACTS,ALL ABOUT NATION&ENCYCLOPEDIAS 02/04/2007 PURCHASE 030 HIB/M 03517 Books